000 01057nam a22003017a 4500
003 CHAP
005 20220817042454.0
008 971013s1985 mx r 00010 spa d
010 _a45740
011 _a46712
035 _a50853
040 _cCHAP
082 _a378.1
_bU35
110 _aUACH. Unidad de Planeación, Organización y Métodos
245 1 0 _aManual general de organización de la Universidad Autónoma de Chapingo
_c/por UACH
260 _aChapingo, Méx. :
_bUPOM,
_c1985
300 _a360 h. :
_bdiagramas
590 _aBATCH-UPD
_b10
_c20130110
_lUCH01
_h1654
590 _aBATCH-UPD
_b10
_c20130410
_lUCH01
_h1043
590 _aBATCH-UPD
_b10
_c20130914
_lUCH01
_h1241
590 _aCONVERSION
_b10
_c20130109
_lUCH01
_h1325
650 1 4 _aEducación agrícola
_zMéxico (Edo.).
650 1 4 _aUniversidades
_xAdministración
_xMéxico (Edo.)
_9116600
901 _aBK
942 _cLIBRO
949 _a378.1 U35
_bBC
_cESP
_d-114157
_eESP
_h63851
_i50853
_si
949 _a378.1 U35
_bBC
_cUACH
_d33724002312454
_eUACH
_fc.2
_gDonaciØn
_h115870
_i50853
_sb
999 _c45740
_d45740